HUMAN ANATOMY -||| (Record no. 7141)

MARC details
000 -LEADER
fixed length control field 00314nam a2200145Ia 4500
008 - FIXED-LENGTH DATA ELEMENTS--GENERAL INFORMATION
fixed length control field 150301s2015 xx 000 0 und d
082 ## - DEWEY DECIMAL CLASSIFICATION NUMBER
Classification number 611
Item number H13G
100 ## - MAIN ENTRY--PERSONAL NAME
Personal name KRISHNA GARG
245 ## - TITLE STATEMENT
Title HUMAN ANATOMY -|||
250 ## - EDITION STATEMENT
Edition statement 5TH
260 ## - PUBLICATION, DISTRIBUTION, ETC. (IMPRINT)
Name of publisher, distributor, etc. CBS- DELHI
300 ## - PHYSICAL DESCRIPTION
Extent 270
650 ## - SUBJECT ADDED ENTRY--TOPICAL TERM
Topical term or geographic name as entry element ANATOMY
942 ## - ADDED ENTRY ELEMENTS (KOHA)
Source of classification or shelving scheme Dewey Decimal Classification
Koha item type Books
Koha issues (borrowed), all copies 3
Holdings
Withdrawn status Lost status Source of classification or shelving scheme Damaged status Not for loan Collection code Home library Current library Date acquired Source of acquisition Cost, normal purchase price SGTU Bill Number Total Checkouts Full call number Barcode Date last seen Date last checked out Bill Date Koha item type
    Dewey Decimal Classification     PHARMACY SGT FA-FP Library SGT FA-FP Library 02/07/2015 ABC DELHI 220.00 SGTU 492 1 611 H13G FP540 19/06/2017 16/06/2017 24/11/2014 Books
    Dewey Decimal Classification     PHARMACY SGT FA-FP Library SGT FA-FP Library 02/07/2015 ABC DELHI 220.00 SGTU 492 4 611 H13G FP541 15/01/2025 03/01/2025 24/11/2014 Books
    Dewey Decimal Classification     PHARMACY SGT FA-FP Library SGT FA-FP Library 02/07/2015 ABC DELHI 220.00 SGTU 492   611 H13G FP542 02/07/2015   24/11/2014 Books
    Dewey Decimal Classification     PHARMACY SGT FA-FP Library SGT FA-FP Library 02/07/2015 ABC DELHI 220.00 SGTU 492 1 611 H13G FP543 04/07/2016 10/06/2016 24/11/2014 Books
    Dewey Decimal Classification     PHARMACY SGT FA-FP Library SGT FA-FP Library 02/07/2015 ABC DELHI 220.00 SGTU 492   611 H13G FP544 02/07/2015   24/11/2014 Books